La PUCV mira a Chile en el 73’. Entrevistas a las principales autoridades de la Nación antes del quiebre democrático.
Gardado en:
| Autor Principal: | |
|---|---|
| Formato: | Libro |
| Idioma: | inglés |
| Publicado: |
Valparaíso, Chile:
Ediciones Universitarias de Valparaíso,
2023.
|
| Subjects: | |
| Tags: |
Engadir etiqueta
Sen Etiquetas, Sexa o primeiro en etiquetar este rexistro!
|
MARC
| LEADER | 00000nam a22000007a 4500 | ||
|---|---|---|---|
| 003 | CL-VaPUC | ||
| 005 | 20241011124603.0 | ||
| 008 | 241003t2023 ||||| |||| 00| 0 eng d | ||
| 999 | |c 444968 |d 444966 | ||
| 020 | |a 978-956-17-1092-4 | ||
| 040 | |c Pontificia Universidad Católica de Valparaíso | ||
| 082 | |2 22 |a 378.111 CON 2023 | ||
| 100 | |9 891993 |a Contreras Guzmán, David |e edición | ||
| 245 | |a La PUCV mira a Chile en el 73’. |b Entrevistas a las principales autoridades de la Nación antes del quiebre democrático. | ||
| 260 | |a Valparaíso, Chile: |b Ediciones Universitarias de Valparaíso, |c 2023. | ||
| 300 | |a 101 páginas. | ||
| 500 | |a c.1 Rectoría 02/10/2024. | ||
| 583 | |c 20241003 |k Yessy Sthefany Diaz Vidal | ||
| 610 | 0 | |9 481238 |a Pontificia Universidad Católica de Valparaíso (PUCV), |b Senado Académico |v Reuniones |x Dictadura Militar |y 1973 | |
| 650 | 0 | |9 407335 |a Universidades chilenas |v Medidas institucionales |x Golpe de Estado |y 1973 | |
| 942 | |2 ddc |c BK | ||
| 952 | |0 0 |1 0 |2 ddc |4 0 |6 378_111000000000000_CON_2023 |7 0 |8 A |9 597171 |a BIBHIS |b BIBHIS |d 2024-10-03 |i 5662971 |o 378.111 CON 2023 |p 5662971 |r 2025-01-20 |t 1 |w 2024-10-03 |y BK |k HIS | ||